Country Sets Begin/End Letter Quiz Stats

 Plays Quiz Updated Jul 14, 2016

Also try: Jumbled Sets
Challenge
Share
Tweet
Embed
Score 0/74 Timer 09:00
1 Play Today
% Correct
Australia
86.7%
Canada
83.3%
Albania
83.2%
Austria
81.2%
Latvia
80.3%
Argentina
79.4%
Eritrea
78.5%
Lithuania
78.4%
Algeria
76.1%
Ethiopia
75.8%
Ghana
75.5%
Armenia
72.9%
South Africa
71.6%
China
70.5%
Namibia
70.2%
Estonia
70%
Monaco
69.6%
Angola
69.1%
Andorra
68.8%
Sudan
68.2%
Bolivia
68.1%
Morocco
66.9%
Cambodia
66.3%
Nigeria
65.6%
Libya
64.8%
South Korea
64.3%
Guinea
64.2%
Guyana
64.2%
Malta
63.7%
Colombia
63.3%
Cuba
60.9%
Malaysia
60.8%
Bulgaria
60.8%
Slovakia
60.6%
Saudi Arabia
60.3%
South Sudan
60.3%
Georgia
60.2%
% Correct
Slovenia
60%
Liberia
59.4%
Croatia
59.3%
Somalia
58.2%
Moldova
58.2%
Gambia
57.9%
Guatemala
57.3%
Nicaragua
56.9%
Macedonia
56.6%
Botswana
56.4%
Seychelles
55.9%
Mauritania
55.8%
Serbia
55.8%
Antigua and Barbuda
55.6%
Syria
54.6%
Montenegro
53.5%
Mongolia
52.8%
North Korea
52.7%
Costa Rica
52.2%
Bosnia and Herzegovina
52.1%
Sweden
51.2%
Suriname
51.1%
Spain
48.8%
Grenada
48%
Mexico
47.8%
Czechia
47.1%
Equatorial Guinea
45.8%
Saint Lucia
45.2%
Saint Kitts and Nevis
45%
Samoa
44.7%
Saint Vincent and the Grenadines
41.3%
Sri Lanka
40.7%
Solomon Islands
38.4%
Sierra Leone
36.4%
Singapore
36.2%
Micronesia
34.9%
São Tomé and Príncipe
31.4%

You're not logged in!

Compare scores with friends on all Sporcle quizzes.
Join for Free
OR
Log In

You Might Also Like...

Show Comments

Extras

Top Quizzes Today


Score Distribution

Your Account Isn't Verified!

In order to create a playlist on Sporcle, you need to verify the email address you used during registration. Go to your Sporcle Settings to finish the process.

Report this User

Report this user for behavior that violates our Community Guidelines.

Details: